000 00700nam a2200193 a 4500
003 0
005 20250219080124.0
008 110622s19uu xx 00 eng d
050 _aPHS BF 723.P25
_b.L62 2011
100 _aLim, Seung Hwan.
245 _aThe relationship between parental support and adaptive functioning /
_cLim Seung Hwan.
260 _aLas PiƱas City, Philippines :
_bSouthville International School and Colleges,
_c2011.
300 _a43 pages :
_billustrations ;
_c28 cm.
504 _aIncludes bibliographical references.
650 _aParental support.
650 _aParenting
_xPsychological aspects.
650 _aChild development
_xParental influences.
942 _2lcc
_cPASS
999 _c98582
_d98582